000 00499nam a2200181Ia 4500
001 45450
008 140428s9999 xx 000 0 und d
020 _aNA
040 _cPK-LaUMT
082 _aRHC 891.4394
_bZAH-E
100 _aZaheer Ahmad Siddiqui
245 _aEhsaas wa idraak (Urdu)
_bilmi, adbi aur tanqeedi mazaameen
_cZaheer Ahmad Siddiqui
260 _aAligarh,India:
_bMaktaba Alfaaz,
_c1981
300 _a176 p.
546 _aUR
650 _aPakistani literature-Urdu
942 _cBK
999 _c43418
_d43418